Größte Gemeinden Österreichs mit "F" - Statistiken

Allgemein
  • Dieses Quiz wurde 82 mal gespielt
  • Das Durchschnittsergebnis liegt bei 7 aus 10
Antwortstatistiken
Einwohner Bezirk Gemeinde % Korrekt
33.862 Feldkirch Feldkirch
98%
14.307 Feldkirchen Feldkirchen
93%
8.625 Hartberg-Fürstenfeld Fürstenfeld
76%
13.511 Südoststeiermark Feldbach
71%
7.960 Freistadt Freistadt
69%
7.105 Klagenfurt-Land Ferlach
65%
7.672 Murtal Fohnsdorf
53%
7.246 Südoststeiermark Fehring
49%
9.050 Villach-Land Finkenstein
44%
6.551 Südoststeiermark Frohnleiten
38%
Keine übereinstimmenden Quizze gefunden
Verteilung der Resultate
Anzahl Personen mit jedem Resultat
Perzentil nach korrekt beantworteten Fragen
Ihre Resultats-Entwicklung
Sie haben dieses Quiz noch nicht gespielt